000
00259nam a2200109Ia 4500
008
190907s9999||||xx |||||||||||||| ||und||
100
_a
David Firth
245
0
_a
Life and Work Express
260
_a
USA
_b
Express Exec.com
_c
2002
300
_a
253
942
_c
BK
999
_c
6586
_d
6586